Ou les coeurs s'eprennent /

Uloženo v:
Podrobná bibliografie
Hlavní autor: Santi, Piero, (1912-1990) (Autor)
Médium: Kniha
Jazyk:italština
Vydáno: Firenze : Il fiore rosso, 1979
Edice:Autori contemporanei ; 2
Tagy: Přidat tag
Žádné tagy, Buďte první, kdo vytvoří štítek k tomuto záznamu!

MARC

LEADER 00000nam a22000007i 4500
001 IT\ICCU\SBL\0239412
003 ItRI
005 20260220155857.0
008 910930s1979 it |||||| ||||| |||||c
015 |2 IT  |a 792686 
040 |b ita  |c ct 
041 7 |a ita  |2 ISO-639-2 
082 |a 852.9  |2 18 
100 1 |a Santi, Piero,  |d  (1912-1990)  |0 IT\ICCU\MILV\218707  |4 aut 
245 1 0 |a Ou les coeurs s'eprennent /  |c Piero Santi. 
260 |a Firenze :  |b Il fiore rosso,  |c 1979 
300 |a 31 p. ;  |c 21 cm. 
830 0 |a Autori contemporanei ;  |v 2  |0 IT\ICCU\SBL\0239411 
942 |2 ddc  |c BK 
952 |0 0  |1 0  |2 ddc  |4 0  |6 B_LTR05SANPIOUL11  |7 0  |9 9032  |a MI  |b MI  |d 2010-10-07  |i 365  |l 0  |o B-LTR05-SANPI-OUL11  |p CDOM365  |r 2025-07-17 21:50:00  |w 2025-07-17  |y BK 
952 |0 0  |1 0  |4 0  |6 DOC_852_914000000000000_SAN  |7 0  |9 24485  |a BO  |b BO  |d 2026-01-15  |i 248  |l 0  |o DOC 852.914 SAN  |p BO248  |r 2026-01-15 23:23:36  |w 2026-01-15  |x [Sebina 7] [1 v.]  |y BK  |z 1 v. 
999 |c 7523  |d 7523